Flow - Induced Structural Vibrations : Symposium Karlsruhe, 14.-16.9.1972

Na minha lista:
Detalhes bibliográficos
Formato: Livro
Idioma:inglês
Publicado em: Berlin : Springer Verlag London, 1974
Tags: Adicionar Tag
Sem tags, seja o primeiro a adicionar uma tag!

MARC

LEADER 00000nam a22000003a 4500
001 stu208853
005 20190206105138.4
008 100813s1974----ge------------------eng-d
040 |a STU  |b slo 
041 0 |a eng 
044 |a ge 
080 |a 534.13 
245 |a Flow - Induced Structural Vibrations :  |b Symposium Karlsruhe, 14.-16.9.1972 
260 |a Berlin :  |b Springer Verlag London,  |c 1974 
300 |a 774 s 
996 |c V*11032/O-2908  |l VV7  |s P  |a 0  |w stu208853_0001